Classification of copper and copper alloys. (Record no. 548903)
[ view plain ]
| 000 -LEADER | |
|---|---|
| fixed length control field | 00435nam a22001452 4500 |
| 082 ## - DEWEY DECIMAL CLASSIFICATION NUMBER | |
| Classification number | 669.3 |
| Author Mark | CDA |
| -- | L-17 , P-10 |
| 110 2# - MAIN ENTRY--CORPORATE NAME | |
| Corporate name or jurisdiction name as entry element | Cooper Development Association, London. [from old catalog] |
| 9 (RLIN) | 45357 |
| 245 00 - TITLE STATEMENT | |
| Title | Classification of copper and copper alloys. |
| 250 ## - EDITION STATEMENT | |
| Edition statement | Rev. |
| 260 ## - PUBLICATION, DISTRIBUTION, ETC. | |
| Place of publication, distribution, etc. | London, |
| Date of publication, distribution, etc. | 1944. |
| 300 ## - PHYSICAL DESCRIPTION | |
| Extent | 23 p. |
| 526 ## - STUDY PROGRAM INFORMATION NOTE | |
| Program name | 0 |
| Interest level | 0 |
| Reading level | 0 |
| Title point value | 669_300000000000000_CDA |
| 526 ## - STUDY PROGRAM INFORMATION NOTE | |
| Program name | 0 |
| Interest level | 0 |
| Reading level | 0 |
| Title point value | 669_300000000000000_CDA |
| 942 ## - ADDED ENTRY ELEMENTS (KOHA) | |
| Source of classification or shelving scheme | |
| Koha item type | Book |
| Withdrawn status | Lost status | Source of classification or shelving scheme | Damaged status | Not for loan | Permanent Location | Current Location | Date acquired | Total Checkouts | Full call number | Barcode | Date last seen | Date last checked out | Price effective from | Koha item type |
|---|---|---|---|---|---|---|---|---|---|---|---|---|---|---|
| Military College of Engineering (MCE) | Military College of Engineering (MCE) | 09/10/2014 | 1 | 669.3 CDA | MCE-42 | 09/11/2014 | 09/11/2014 | 09/10/2014 | Book | |||||
| Military College of Engineering (MCE) | Military College of Engineering (MCE) | 09/10/2014 | 1 | 669.3 CDA | MCE-40579 | 09/11/2014 | 09/11/2014 | 09/10/2014 | Book |
